000 00395cam a22001575a 4500
001 J100823
008 000000s1921 xxk 000 0 eng u
035 _a(Sirsi) u100823
110 _aSurveyors' Institution
_93783
245 0 4 _aThe Agriculture Act 1920. Memorandum February 1921.
260 _c1921
300 _a107p.
651 4 _aUnited Kingdom
_y
690 _aRural
_96268
942 _n0
999 _c99858
_d99858